Coupe du monde masculine de cricket - 4 premières places - Statistiques

Statistiques générales
  • Ce quiz a été pris 148 fois
  • Le résultat moyen est 6 sur 8
Statistiques - réponses
Pays % Correct
Inde
97%
Pakistan
87%
Australie
85%
Angleterre
81%
Nouvelle-Zélande
78%
Sri Lanka
54%
Afrique du Sud
51%
Kenya
21%
Aucun quiz correspondant
Distribution des résultats
% des personnes avec chaque résultat
Percentile par nombre de réponses
Votre historique - résultats
Vous n’avez pas pris ce quiz